Statistics for Seven Letter Geography #2

Click here to take the quiz!

General Stats

  • This quiz has been taken 22,311 times
  • The average score is 14 of 24

Answer Stats

DescriptionAnswer% Correct
Capital of IraqBaghdad
92%
2014 World Cup championsGermany
87%
Country surrounded by South AfricaLesotho
82%
Biggest city in CanadaToronto
82%
Landlocked country of South AmericaBolivia
80%
Great Lake or Canadian provinceOntario
75%
World's biggest inland seaCaspian
73%
German state with Munich as capitalBavaria
71%
Capital of LibyaTripoli
70%
2008 Summer Olympics host cityBeijing
67%
The cedar tree is a symbol of this countryLebanon
67%
"Motown"Detroit
63%
Tallest mountain in GreeceOlympus
62%
Mexican city just south of San DiegoTijuana
56%
Term for a flat area with a high elevationPlateau
52%
Ancient capital about 50 miles
south of the above
Babylon
50%
The opposite of windwardLeeward
44%
Grassland ecosystem such as the SerengetiSavanna
44%
British territory in the AtlanticBermuda
35%
City in Northern Italy with the
world's oldest university
Bologna
33%
Capital city on Lake VictoriaKampala
33%
Capital known as Lefkoşa in TurkishNicosia
33%
State in western Mexico,
headquarters of a powerful drug cartel
Sinaloa
13%
Group of islands including Tahiti
and Bora Bora
{Society}
Islands
8%

Score Distribution

Percentile by Number Answered

Percent of People with Each Score

Your Score History

You have not taken this quiz